Escape the Night S1-S5 Players List - Statistics

General Stats
  • This quiz has been taken 9 times
  • The average score is 39 of 47
Answer Stats
Title Answer % Correct
The Fixer Andrea Brooks
100%
The Savant Joey Graceffa
100%
The Savant Joey Graceffa
100%
The Savant Joey Graceffa
100%
The Savant Joey Graceffa
100%
The Savant Joey Graceffa
100%
The Jet-Setter Rosanna Pansino
100%
The Socialite Rosanna Pansino
100%
The Fitness Instructor Rosanna Pansino
100%
The Novelist Alex Wassabi
83%
The Aviator Alex Wassabi
83%
The Mystic Andrea Russett
83%
The Playboy Bretman Rock
83%
The Disco Dancer Colleen Ballinger
83%
The Duchess Colleen Ballinger
83%
The Railroad Tycoon DeStorm Power
83%
The Enforcer DeStorm Power
83%
The Journalist Eva Gutowski
83%
The Vaudevillian Gabbie Hanna
83%
The Hollywood Star Gabbie Hanna
83%
The Jazz Singer GloZell Green
83%
The Hippie JC Caylen
83%
The Hustler Lele Pons
83%
The Explorer Liza Koshy
83%
The Record Producer Manny MUA
83%
The Jock Manny MUA
83%
The Professor Matt Haag
83%
The Detective Matthew Patrick
83%
The Troublemaker Nikita Dragun
83%
The Glamrocker Nikita Dragun
83%
The Big Game Hunter Oli White
83%
The Daredevil Roi Fabito
83%
The Investigative Reporter Safiya Nygaard
83%
The Renegade Shane Dawson
83%
The Saloon Girl Tana Mongeau
83%
The Pin-Up Girl Tana Mongeau
83%
The Prom Queen Tana Mongeau
83%
The Super Spy Teala Dunn
83%
The Mobster Timothy DeLaGhetto
83%
The Thespian Tyler Oakley
83%
The Outlaw Jesse Wellens
67%
The Burnout JoJo Siwa
67%
The Gambler Justine Ezarik
67%
The Adventurer Justine Ezarik
67%
The Engineer Lauren Riihimaki
67%
The Heiress Sierra Furtado
50%
The Con Man Timothy DeLeGhetto
0%
No matching quizzes found
Score Distribution
Percent of People with Each Score
Percentile by Number Answered
Your Score History
You have not taken this quiz